[Event "RUS-chT2"]
[Site "Sochi"]
[Date "2025.05.03"]
[Round "7.1"]
[White "Zabotin, Alexander"]
[Black "Esipenko, Andrey"]
[Result "1/2-1/2"]
[WhiteElo "2394"]
[BlackElo "2696"]
[PlyCount "120"]
[EventDate "2025.04.26"]
[EventType "team-swiss"]
[EventRounds "9"]
[EventCountry "RUS"]
[SourceTitle "CB19_2025"]
[SourceDate "2025.05.07"]
[SourceVersion "1"]
[SourceVersionDate "2025.05.07"]
[SourceQuality "1"]
[WhiteTeam "Vladimirsk Region"]
[BlackTeam "Moscow Tauer"]
[WhiteTeamCountry "RUS"]
[BlackTeamCountry "RUS"]

1. Nf3 g6 2. e4 c5 3. c3 d5 4. exd5 Qxd5 5. d4 Bg7 6. Na3 cxd4 7. Bc4 Qe4+ 8. Be3 Bg4 9. cxd4 Nc6 10. Bxf7+ Kf8 11. Nb5 Rd8 12. Bb3 Ne5 13. Nc3 Nxf3+ 14. gxf3 Qxf3 15. Rg1 Qxd1+ 16. Bxd1 Bxd1 17. Rxd1 Nf6 18. Rg5 Kf7 19. Rb5 Rd7 20. Ke2 Rc8 21. a4 a6 22. Rc5 Rcd8 23. h3 e6 24. Rc4 Nd5 25. Nxd5 exd5 26. Rc2 Re8 27. Kf3 Re6 28. b3 Rb6 29. Rd3 Rf6+ 30. Kg2 Re6 31. Rc8 Re8 32. Rdc3 Bf6 33. Rxe8 Kxe8 34. Rc8+ Rd8 35. Rxd8+ Kxd8 36. Kf1 Kd7 37. f3 Ke6 38. Kg2 Kf5 39. Kg3 Bg5 40. Bg1 h5 41. Kf2 Bh4+ 42. Ke2 Kf4 43. Bh2+ Bg3 44. Bg1 Kg5 45. Kf1 Kf4 46. Ke2 Kf5 47. Be3 Bf4 48. Bf2 Kg5 49. Be1 Kf6 50. Ba5 Kf5 51. Bd8 Bd6 52. Ke3 Bh2 53. Kf2 Bf4 54. Ke2 Bg5 55. Bc7 Be7 56. Bg3 Bf6 57. Kd3 Kg5 58. Ke3 Be7 59. Kf2 Ba3 60. Bc7 Kf5 1/2-1/2

[Event "Moscow Aeroflot op-A"]
[Site "Moscow"]
[Date "2025.03.06"]
[Round "9"]
[White "Najer, Evgeniy"]
[Black "Zabotin, Alexander"]
[Result "1-0"]
[WhiteElo "2637"]
[BlackElo "2390"]
[PlyCount "53"]
[EventDate "2025.03.01"]
[EventType "swiss"]
[EventRounds "9"]
[EventCountry "RUS"]
[SourceTitle "CB11_2025"]
[SourceDate "2025.03.12"]
[SourceVersion "1"]
[SourceVersionDate "2025.03.12"]
[SourceQuality "1"]

1. e4 c5 2. Nf3 d6 3. d4 cxd4 4. Nxd4 Nf6 5. Nc3 a6 6. h3 e5 7. Nde2 h5 8. Bg5 Be7 9. Ng3 h4 10. Nf5 Bxf5 11. exf5 Nbd7 12. Bc4 Rc8 13. Bb3 Rxc3 14. bxc3 Qa5 15. 0-0 Rh5 16. Qd2 Nh7 17. Bxe7 Kxe7 18. Qe2 Nhf6 19. Qc4 d5 20. Qc8 Qb5 21. c4 Qc6 22. Qxc6 bxc6 23. cxd5 cxd5 24. Rfd1 Nb6 25. Rab1 Rh8 26. c4 dxc4 27. Bxc4 1-0

[Event "Moscow Aeroflot op-A"]
[Site "Moscow"]
[Date "2025.03.05"]
[Round "7"]
[White "Gitelson, Arkady"]
[Black "Zabotin, Alexander"]
[Result "0-1"]
[WhiteElo "2309"]
[BlackElo "2390"]
[PlyCount "160"]
[EventDate "2025.03.01"]
[EventType "swiss"]
[EventRounds "9"]
[EventCountry "RUS"]
[SourceTitle "CB11_2025"]
[SourceDate "2025.03.12"]
[SourceVersion "1"]
[SourceVersionDate "2025.03.12"]
[SourceQuality "1"]

1. e4 g6 2. d4 Bg7 3. Nc3 d6 4. f4 Nf6 5. Nf3 0-0 6. Bd3 Nc6 7. Be2 Bg4 8. d5 Nb8 9. h3 Bxf3 10. Bxf3 c6 11. 0-0 cxd5 12. Nxd5 Nfd7 13. c3 Nc6 14. Be3 e6 15. Nb4 Na5 16. Qe2 Qc7 17. Rad1 Nc4 18. Bf2 a5 19. Nd3 Rac8 20. g4 Rfe8 21. h4 e5 22. b3 Ncb6 23. c4 exf4 24. Nxf4 Nc5 25. g5 Be5 26. Qd2 a4 27. Rb1 axb3 28. axb3 Ra8 29. Ng2 Ra3 30. Qb4 Ra2 31. Qb5 Qc8 32. Ne3 Nd3 33. Rbd1 Nf4 34. Ng4 Nd7 35. Nh6+ Kg7 36. Bg4 Re7 37. c5 Rxf2 38. Rxf2 Qxc5 39. Qxc5 Nxc5 40. Ra2 Re8 41. Rc1 Nfd3 42. Rf1 f6 43. Be2 Nf4 44. Ng4 fxg5 45. hxg5 Nxe4 46. Bf3 Bd4+ 47. Kh2 Nxg5 48. Ra4 Nxf3+ 49. Rxf3 Re2+ 50. Kh1 Ne6 51. Rb4 b6 52. Ra4 b5 53. Ra6 h5 54. Nh2 g5 55. Rf5 Be5 56. Nf3 Bf4 57. Ra7+ Kg6 58. Raf7 h4 59. Nxh4+ gxh4 60. R7f6+ Kg7 61. Rf7+ Kg8 62. Rxf4 Nxf4 63. Rxf4 Kg7 64. Rd4 Rb2 65. Rb4 Kf6 66. Rxb5 Ke6 67. Rh5 Rxb3 68. Rxh4 Rg3 69. Kh2 Rg5 70. Kh3 d5 71. Rh8 Ke5 72. Re8+ Kf4 73. Kh2 d4 74. Rd8 Ke3 75. Re8+ Kd2 76. Kh3 d3 77. Rd8 Ke2 78. Re8+ Kd1 79. Rd8 d2 80. Kh4 Rg1 0-1

[Event "Moscow Aeroflot op-A"]
[Site "Moscow"]
[Date "2025.03.03"]
[Round "5"]
[White "Lobanov, Sergei"]
[Black "Zabotin, Alexander"]
[Result "1/2-1/2"]
[WhiteElo "2508"]
[BlackElo "2390"]
[PlyCount "109"]
[EventDate "2025.03.01"]
[EventType "swiss"]
[EventRounds "9"]
[EventCountry "RUS"]
[SourceTitle "CB11_2025"]
[SourceDate "2025.03.12"]
[SourceVersion "1"]
[SourceVersionDate "2025.03.12"]
[SourceQuality "1"]

1. d4 d5 2. c4 c6 3. Nf3 Nf6 4. e3 a6 5. Bd3 e6 6. Nbd2 c5 7. cxd5 exd5 8. dxc5 Bxc5 9. 0-0 0-0 10. Nb3 Bb6 11. Bd2 Nc6 12. Nfd4 Ne5 13. Bf5 Re8 14. Bxc8 Rxc8 15. Nf3 Nxf3+ 16. Qxf3 Ne4 17. Rfc1 Nxd2 18. Nxd2 d4 19. e4 d3 20. Rc4 Bd4 21. Rxc8 Qxc8 22. Qxd3 Rd8 23. Qc4 Bxf2+ 24. Kf1 Qd7 25. Nf3 Bb6 26. Rc1 h6 27. Qb3 Ba7 28. Rc3 g5 29. h3 Qd6 30. e5 Qg6 31. Qc2 Qe6 32. Qb3 Qf5 33. Qc2 Qd7 34. Rc7 Qb5+ 35. Qc4 Qxc4+ 36. Rxc4 Rd1+ 37. Ke2 Rb1 38. Rc2 Bb6 39. Kd3 Kg7 40. Ke4 Kg6 41. b3 f5+ 42. exf6 Kxf6 43. Rc8 Rb2 44. Rf8+ Ke7 45. Rb8 Kd7 46. Rxb7+ Bc7 47. g4 Rxa2 48. Rb4 a5 49. Rd4+ Ke6 50. Rc4 Kd7 51. Nd4 Bb6 52. Rc2 Ra3 53. Rd2 Bxd4 54. Kxd4 Ke6 55. Rd3 1/2-1/2

[Event "Moscow Aeroflot op-A"]
[Site "Moscow"]
[Date "2025.03.03"]
[Round "4"]
[White "Zabotin, Alexander"]
[Black "Plyasunov, Daniil"]
[Result "1-0"]
[WhiteElo "2390"]
[BlackElo "2300"]
[PlyCount "71"]
[EventDate "2025.03.01"]
[EventType "swiss"]
[EventRounds "9"]
[EventCountry "RUS"]
[SourceTitle "CB11_2025"]
[SourceDate "2025.03.12"]
[SourceVersion "1"]
[SourceVersionDate "2025.03.12"]
[SourceQuality "1"]

1. d4 d5 2. c4 e6 3. Nf3 Nf6 4. Nc3 c6 5. g3 dxc4 6. Bg2 b5 7. 0-0 Bb7 8. Ne5 Nd5 9. Ne4 Nd7 10. Nxf7 Kxf7 11. Ng5+ Ke8 12. Nxe6 Qe7 13. e4 Qxe6 14. exd5 Qf6 15. Re1+ Kd8 16. Re6 Qf5 17. Be4 Qf7 18. Bg5+ Nf6 19. Qf3 cxd5 20. Bxd5 Qxe6 21. Bxb7 Rb8 22. Bd5 Qe7 23. a4 h6 24. Bf4 Rb6 25. axb5 Nxd5 26. Qxd5+ Qd7 27. Qa8+ Qc8 28. Qd5+ Qd7 29. Bc7+ Ke7 30. Qa8 c3 31. bxc3 Rxb5 32. Rxa7 Rb1+ 33. Kg2 Qb5 34. Be5+ Ke6 35. Qc8+ Kd5 36. c4+ 1-0

[Event "Senta Fantastico IM 02"]
[Site "Senta"]
[Date "2025.02.21"]
[Round "9"]
[White "Zabotin, Alexander"]
[Black "Joel Paul, Ganta"]
[Result "1/2-1/2"]
[WhiteElo "2423"]
[BlackElo "2065"]
[PlyCount "39"]
[EventDate "2025.02.16"]
[EventType "tourn"]
[EventRounds "9"]
[EventCountry "SRB"]
[SourceTitle "CB09_2025"]
[SourceDate "2025.02.27"]
[SourceVersion "1"]
[SourceVersionDate "2025.02.27"]
[SourceQuality "1"]

1. d4 d5 2. c4 e6 3. Nc3 Nf6 4. Nf3 Be7 5. Bg5 0-0 6. e3 h6 7. Bh4 Ne4 8. Bxe7 Qxe7 9. Rc1 c6 10. Bd3 Nxc3 11. Rxc3 Nd7 12. 0-0 dxc4 13. Bxc4 e5 14. dxe5 Nxe5 15. Nxe5 Qxe5 16. Qc1 Be6 17. Rd1 Rfd8 18. Bxe6 Qxe6 19. a3 Rd5 20. Rcd3 1/2-1/2

[Event "Senta Fantastico IM 02"]
[Site "Senta"]
[Date "2025.02.20"]
[Round "8"]
[White "Nigametzianov, Mikhail"]
[Black "Zabotin, Alexander"]
[Result "1-0"]
[WhiteElo "2399"]
[BlackElo "2423"]
[PlyCount "137"]
[EventDate "2025.02.16"]
[EventType "tourn"]
[EventRounds "9"]
[EventCountry "SRB"]
[SourceTitle "CB09_2025"]
[SourceDate "2025.02.27"]
[SourceVersion "1"]
[SourceVersionDate "2025.02.27"]
[SourceQuality "1"]

1. d4 Nf6 2. Bf4 g6 3. Nc3 Bg7 4. e4 d6 5. Qd2 a6 6. Nf3 h6 7. 0-0-0 Nfd7 8. Kb1 b5 9. Be3 Nb6 10. a3 Bb7 11. h4 N8d7 12. d5 c5 13. dxc6 Bxc6 14. h5 g5 15. Nd4 Ne5 16. Nf5 Bf6 17. b3 Qc7 18. Rh3 Rc8 19. Bd4 Kf8 20. Rg3 Ned7 21. Be2 Bb7 22. Re3 Bxd4 23. Qxd4 Ne5 24. g3 Qc5 25. f4 Qxd4 26. Rxd4 Ned7 27. Kb2 Rc5 28. Bf3 gxf4 29. gxf4 Bc8 30. Re1 Nf6 31. e5 dxe5 32. fxe5 Ne8 33. Nh4 Rg8 34. e6 Bxe6 35. Ng6+ Kg7 36. Nxe7 Rh8 37. Ng6 Rg8 38. Nf4 Bf5 39. Rd8 Rc8 40. Rd2 Rb8 41. Re7 Nf6 42. Rg2+ Kf8 43. Rxg8+ Kxg8 44. Ra7 Bc8 45. Nd3 Nbd7 46. Nb4 Ne5 47. Be2 Bg4 48. Rxa6 Kg7 49. Bxg4 Nexg4 50. Ra5 Nxh5 51. Rxb5 Rxb5 52. Nxb5 Ng3 53. a4 h5 54. Nd4 h4 55. Nf3 h3 56. a5 Ne5 57. Nh2 Nd7 58. a6 Nb6 59. c4 Na8 60. Nd5 Kg6 61. b4 Ne4 62. Kc2 Kg5 63. Kd3 f5 64. b5 Kh4 65. Ke2 Nc5 66. Kf3 Kg5 67. Ke3 Ne6 68. Nf3+ Kg4 69. b6 1-0

[Event "Senta Fantastico GM Mix 02"]
[Site "Senta"]
[Date "2025.02.15"]
[Round "8"]
[White "Zabotin, Alexander"]
[Black "Savic, Miodrag R"]
[Result "1-0"]
[WhiteElo "2423"]
[BlackElo "2426"]
[PlyCount "111"]
[EventDate "2025.02.11"]
[EventType "swiss"]
[EventRounds "9"]
[EventCountry "SRB"]
[SourceTitle "CB09_2025"]
[SourceDate "2025.02.27"]
[SourceVersion "1"]
[SourceVersionDate "2025.02.27"]
[SourceQuality "1"]

1. Nf3 Nf6 2. c4 e6 3. g3 d5 4. Bg2 Be7 5. 0-0 0-0 6. b3 Nbd7 7. Bb2 c6 8. d4 b6 9. Nc3 Ba6 10. Nd2 b5 11. c5 b4 12. Na4 Qc7 13. a3 bxa3 14. Rxa3 e5 15. dxe5 Nxe5 16. Qa1 Ned7 17. Re1 Bb7 18. Bd4 Rfe8 19. b4 Bf8 20. Nb3 Ne4 21. Nb2 h5 22. Nd3 a6 23. Qc1 Rab8 24. f3 Nef6 25. Qg5 Bc8 26. Qf4 Qxf4 27. gxf4 Bb7 28. Bh3 Re7 29. Kf2 Ne8 30. Rg1 Nc7 31. Bxd7 Nb5 32. Be5 Nxa3 33. Bxb8 Rxd7 34. Be5 Nc4 35. Bd4 Bc8 36. Ne5 Nxe5 37. fxe5 Be7 38. Bc3 Bh4+ 39. Ke3 Re7 40. Kd2 Kh7 41. e3 Rb7 42. Nd4 Bd7 43. Ra1 Ra7 44. b5 cxb5 45. c6 Bc8 46. Nxb5 Ra8 47. Nd6 Be6 48. f4 g6 49. Rb1 a5 50. c7 a4 51. Rb8 Ra6 52. Nxf7 Rc6 53. Nd8 Rxc7 54. Nxe6 Be1+ 55. Kxe1 Rxc3 56. Kd2 1-0

[Event "Senta Fantastico op 03"]
[Site "Senta"]
[Date "2025.02.07"]
[Round "5.1"]
[White "Akhmedov, David"]
[Black "Zabotin, Alexander"]
[Result "1-0"]
[WhiteElo "2368"]
[BlackElo "2423"]
[PlyCount "89"]
[EventDate "2025.02.05"]
[EventType "swiss"]
[EventRounds "9"]
[EventCountry "SRB"]
[SourceTitle "CB08_2025"]
[SourceDate "2025.02.19"]
[SourceVersion "1"]
[SourceVersionDate "2025.02.19"]
[SourceQuality "1"]

1. d4 d5 2. c4 Nc6 3. Nf3 Bg4 4. Nbd2 e6 5. e3 Bb4 6. Qb3 Bxf3 7. gxf3 a5 8. a3 a4 9. Qc2 Bxd2+ 10. Bxd2 Qf6 11. f4 Nge7 12. Bd3 Qh4 13. cxd5 exd5 14. Bb5 h5 15. Rg1 Qxh2 16. Rxg7 h4 17. 0-0-0 Qh3 18. Bb4 0-0-0 19. Qxa4 Kb8 20. Bc5 Qe6 21. Rg5 Nc8 22. Rh1 Qe4 23. Qd1 f6 24. Rg7 N6e7 25. Bd3 Qe6 26. Qg4 Qc6 27. Kb1 Rdg8 28. Bxe7 Nxe7 29. Rxh4 Rxh4 30. Rxg8+ Nxg8 31. Qxh4 Ne7 32. Qh8+ Ka7 33. Qd8 Qd6 34. Qxd6 cxd6 35. Kc2 Kb6 36. Kd2 Kc6 37. Ke2 Kd7 38. Kf3 f5 39. Kg3 Ke6 40. Kh4 Kf6 41. Kh5 b6 42. b4 Nc8 43. Bb5 Ke6 44. Kg5 Ne7 45. Bd3 1-0

[Event "Sochi Pearl Blitz op"]
[Site "Sochi"]
[Date "2023.10.12"]
[Round "12"]
[White "Zabotin, Alexander"]
[Black "Matushchak, Nikita"]
[Result "1-0"]
[WhiteElo "2469"]
[BlackElo "1874"]
[PlyCount "85"]
[EventDate "2023.10.12"]
[EventType "swiss (blitz)"]
[EventRounds "13"]
[EventCountry "RUS"]
[SourceTitle "CBM 216 Extra"]
[Source "ChessBase"]
[SourceDate "2023.11.30"]
[SourceVersion "1"]
[SourceVersionDate "2023.11.30"]
[SourceQuality "1"]

1. d4 e6 2. Nf3 Nf6 3. c4 b6 4. a3 Bb7 5. Nc3 d5 6. cxd5 Nxd5 7. Qc2 Nxc3 8. bxc3 c5 9. e4 Be7 10. Bb5+ Bc6 11. Bd3 Nd7 12. 0-0 h6 13. Rd1 0-0 14. d5 exd5 15. exd5 Bb7 16. c4 Bd6 17. Bb2 Re8 18. Re1 Qc7 19. Bh7+ Kh8 20. Qf5 Nf8 21. Qg4 f6 22. Bf5 Rxe1+ 23. Rxe1 Bc8 24. Nh4 Bxh2+ 25. Kh1 Be5 26. Bxe5 fxe5 27. Nf3 Bxf5 28. Qxf5 Nd7 29. Qf7 Qd6 30. Qe6 Qxe6 31. dxe6 Nf8 32. Nxe5 Re8 33. Nf7+ Kg8 34. Nd6 Rxe6 35. Rxe6 Nxe6 36. Nc8 Nf4 37. Nxa7 Nd3 38. Nc8 Nxf2+ 39. Kg1 Ne4 40. Nxb6 Kf7 41. a4 Ke7 42. a5 Kd8 43. a6 1-0

[Event "Sochi Pearl Blitz op"]
[Site "Sochi"]
[Date "2023.10.12"]
[Round "4"]
[White "Zabotin, Alexander"]
[Black "Shubin, Kirill"]
[Result "1/2-1/2"]
[WhiteElo "2469"]
[BlackElo "2440"]
[PlyCount "49"]
[EventDate "2023.10.12"]
[EventType "swiss (blitz)"]
[EventRounds "13"]
[EventCountry "RUS"]
[SourceTitle "CBM 216 Extra"]
[Source "ChessBase"]
[SourceDate "2023.11.30"]
[SourceVersion "1"]
[SourceVersionDate "2023.11.30"]
[SourceQuality "1"]

1. d4 Nf6 2. c4 e6 3. Nf3 Bb4+ 4. Bd2 a5 5. g3 d6 6. Bg2 Nbd7 7. 0-0 e5 8. Nc3 0-0 9. a3 Bxc3 10. Bxc3 Ne4 11. Rc1 Nxc3 12. Rxc3 exd4 13. Nxd4 a4 14. e4 Nc5 15. Re3 Re8 16. Rfe1 Be6 17. Qc2 Qd7 18. f4 Bh3 19. Bxh3 Qxh3 20. Qe2 Qd7 21. Nf5 Ne6 22. h4 Kh8 23. Kh2 Qc6 24. h5 Qc5 25. Rd1 1/2-1/2

[Event "Sochi Pearl Rapid op"]
[Site "Sochi"]
[Date "2023.10.11"]
[Round "10"]
[White "Zabotin, Alexander"]
[Black "Zakaryan, David"]
[Result "1-0"]
[WhiteElo "2469"]
[BlackElo "2307"]
[PlyCount "71"]
[EventDate "2023.10.09"]
[EventType "swiss (rapid)"]
[EventRounds "11"]
[EventCountry "RUS"]
[SourceTitle "CBM 216 Extra"]
[Source "ChessBase"]
[SourceDate "2023.11.30"]
[SourceVersion "1"]
[SourceVersionDate "2023.11.30"]
[SourceQuality "1"]

1. d4 d5 2. c4 c6 3. Nc3 Nf6 4. Nf3 e6 5. e3 Nbd7 6. Bd3 dxc4 7. Bxc4 b5 8. Bd3 Bb7 9. e4 b4 10. Na4 c5 11. e5 Nd5 12. dxc5 Qa5 13. 0-0 Bc6 14. Bc2 Nxc5 15. Nxc5 Bxc5 16. Ng5 Qc7 17. Re1 0-0-0 18. Qe2 Bb6 19. a3 h6 20. Nf3 g5 21. Bd2 Kb8 22. axb4 Bb7 23. Rec1 Qe7 24. Be4 g4 25. Ne1 h5 26. Nd3 g3 27. hxg3 h4 28. g4 h3 29. Nc5 hxg2 30. Bxg2 Rh4 31. Nxb7 Kxb7 32. Be3 Bxe3 33. Qxe3 Kb8 34. Bxd5 Rxg4+ 35. Bg2 Rdg8 36. Qb6+ 1-0

[Event "Sochi Pearl Rapid op"]
[Site "Sochi"]
[Date "2023.10.09"]
[Round "2"]
[White "Zabotin, Alexander"]
[Black "Babanin, Gleb"]
[Result "0-1"]
[WhiteElo "2469"]
[BlackElo "2163"]
[PlyCount "92"]
[EventDate "2023.10.09"]
[EventType "swiss (rapid)"]
[EventRounds "11"]
[EventCountry "RUS"]
[SourceTitle "CBM 216 Extra"]
[Source "ChessBase"]
[SourceDate "2023.11.30"]
[SourceVersion "1"]
[SourceVersionDate "2023.11.30"]
[SourceQuality "1"]

1. d4 d5 2. Nf3 Nf6 3. c4 e6 4. Nc3 Bb4 5. Bg5 h6 6. Bxf6 Qxf6 7. Qa4+ Nc6 8. cxd5 exd5 9. e3 0-0 10. Be2 Be6 11. 0-0 a6 12. Rac1 Bd6 13. a3 Ne7 14. Rfd1 c6 15. Qc2 Bf5 16. Bd3 Bg4 17. Be2 Ng6 18. Rd2 Rae8 19. Ne1 Bc8 20. g3 Ne7 21. Bf3 Nf5 22. Qd1 Bb8 23. Bg2 Nd6 24. b3 g6 25. Nd3 h5 26. Nc5 Ba7 27. b4 b6 28. Nd3 Nc4 29. Ra2 b5 30. Nc5 Bg4 31. Qf1 Bxc5 32. bxc5 Be6 33. h3 Qd8 34. Rd1 h4 35. e4 dxe4 36. Nxe4 Bd5 37. Re2 hxg3 38. fxg3 f5 39. Nc3 Ne3 40. Rxe3 Rxe3 41. Nxd5 cxd5 42. Qf4 Rfe8 43. c6 Kg7 44. h4 Rc3 45. Rc1 Rxc1+ 46. Qxc1 Qd6 0-1

[Event "Sochi Pearl Rapid op"]
[Site "Sochi"]
[Date "2023.10.09"]
[Round "3"]
[White "Zabotin, Alexander"]
[Black "Volchkova, Alena"]
[Result "1-0"]
[WhiteElo "2469"]
[BlackElo "1942"]
[PlyCount "41"]
[EventDate "2023.10.09"]
[EventType "swiss (rapid)"]
[EventRounds "11"]
[EventCountry "RUS"]
[SourceTitle "CBM 216 Extra"]
[Source "ChessBase"]
[SourceDate "2023.11.30"]
[SourceVersion "1"]
[SourceVersionDate "2023.11.30"]
[SourceQuality "1"]

1. d4 Nf6 2. Nf3 e6 3. c4 c5 4. Nc3 d5 5. cxd5 cxd4 6. Qxd4 exd5 7. e4 Nc6 8. Bb5 Be6 9. exd5 Nxd5 10. 0-0 a6 11. Bxc6+ bxc6 12. Re1 Nf6 13. Qa4 Be7 14. Qxc6+ Kf8 15. Bg5 Bd7 16. Qb7 Rb8 17. Qxa6 Rxb2 18. Rad1 Bc5 19. Ne4 Nxe4 20. Bxd8 Rxf2 21. Bb6 1-0

[Event "RUS-ch Higher League 74th"]
[Site "Cheboksary"]
[Date "2021.06.30"]
[Round "5"]
[White "Zabotin, Alexander"]
[Black "Saveliev, Alexei"]
[Result "0-1"]
[WhiteElo "2506"]
[BlackElo "2381"]
[PlyCount "58"]
[EventDate "2021.06.26"]
[EventType "swiss"]
[EventRounds "9"]
[EventCountry "RUS"]
[SourceTitle "CBM 203 Extra"]
[Source "ChessBase"]
[SourceDate "2021.09.30"]
[SourceVersion "1"]
[SourceVersionDate "2021.09.30"]
[SourceQuality "1"]

1. d4 Nf6 2. c4 e6 3. Nf3 b6 4. g3 Ba6 5. b3 Bb4+ 6. Bd2 Be7 7. Bg2 c6 8. Bc3 d5 9. Nbd2 0-0 10. 0-0 Nbd7 11. Qc2 Rc8 12. Rfd1 c5 13. dxc5 Nxc5 14. Ng5 h6 15. Bxf6 hxg5 16. Bc3 Bf6 17. Nf3 Ne4 18. Bxf6 Qxf6 19. e3 b5 20. Nd4 bxc4 21. Bxe4 cxb3 22. Qb2 dxe4 23. axb3 Bd3 24. Rdc1 e5 25. Ne2 Qf3 26. Nc3 Rfd8 27. Ra5 a6 28. Rd5 Rxd5 29. Nxd5 Rc2 0-1

[Event "RUS-ch Higher League 74th"]
[Site "Cheboksary"]
[Date "2021.06.29"]
[Round "4"]
[White "Dudin, Gleb"]
[Black "Zabotin, Alexander"]
[Result "1/2-1/2"]
[WhiteElo "2439"]
[BlackElo "2506"]
[PlyCount "91"]
[EventDate "2021.06.26"]
[EventType "swiss"]
[EventRounds "9"]
[EventCountry "RUS"]
[SourceTitle "CBM 203 Extra"]
[Source "ChessBase"]
[SourceDate "2021.09.30"]
[SourceVersion "1"]
[SourceVersionDate "2021.09.30"]
[SourceQuality "1"]

1. d4 d5 2. Nf3 Nf6 3. c4 c6 4. Nc3 e6 5. g3 Be7 6. Bg2 0-0 7. 0-0 b6 8. Qc2 Ba6 9. b3 Nbd7 10. Rd1 Rc8 11. e4 dxc4 12. Bf4 Nh5 13. Be3 Nhf6 14. Bf4 Nh5 15. Be3 Nhf6 16. h3 b5 17. bxc4 bxc4 18. Rab1 Rb8 19. Qa4 Bb5 20. Nxb5 cxb5 21. Rxb5 Rxb5 22. Qxb5 Nxe4 23. Qxc4 Nb6 24. Qd3 Nf6 25. Ne5 Nfd5 26. Bd2 Bf6 27. Ng4 Qd7 28. Be4 h6 29. Qf3 Bg5 30. Bxg5 hxg5 31. Bc2 Rc8 32. Bb3 Rc3 33. Rd3 Rc1+ 34. Kg2 Qc7 35. Ne3 Nb4 36. Rd1 Rxd1 37. Qxd1 Qc6+ 38. Qf3 Qd6 39. Qe4 g6 40. a3 Qc6 41. Kf3 N4d5 42. Bxd5 Nxd5 43. Nxd5 exd5 44. Qe5 Qd7 45. Kg2 Qd8 46. Kh2 1/2-1/2

[Event "RUS-ch Higher League 74th"]
[Site "Cheboksary"]
[Date "2021.06.26"]
[Round "1"]
[White "Zabotin, Alexander"]
[Black "Borisov, Maxim S"]
[Result "1-0"]
[WhiteElo "2506"]
[BlackElo "2051"]
[PlyCount "131"]
[EventDate "2021.06.26"]
[EventType "swiss"]
[EventRounds "9"]
[EventCountry "RUS"]
[SourceTitle "CBM 203 Extra"]
[Source "ChessBase"]
[SourceDate "2021.09.30"]
[SourceVersion "1"]
[SourceVersionDate "2021.09.30"]
[SourceQuality "1"]

1. d4 d5 2. Nf3 Nf6 3. c4 e6 4. Nc3 Be7 5. g3 0-0 6. Bg2 c6 7. Qd3 Nbd7 8. 0-0 b6 9. Rd1 Ba6 10. b3 Qc7 11. Bb2 Rfd8 12. e4 dxc4 13. Qe2 b5 14. bxc4 bxc4 15. d5 cxd5 16. exd5 Nc5 17. Nd4 Bb7 18. dxe6 Bxg2 19. exf7+ Kh8 20. Kxg2 Bf8 21. Ba3 Qxf7 22. Bxc5 Bxc5 23. Ne6 Re8 24. Re1 Bb4 25. Rac1 Rac8 26. Qe5 h6 27. f4 Qb7+ 28. Kh3 Qf3 29. Re3 Qg4+ 30. Kg2 Bxc3 31. Rcxc3 Qd1 32. Re1 Qd7 33. f5 Qc6+ 34. Kh3 Qa4 35. a3 Rc6 36. Rb1 Qa6 37. Kh4 Rec8 38. Rd1 Qb6 39. Qd4 Qb5 40. g4 Qb8 41. Kh3 Qb7 42. Nd8 Rxd8 43. Qxd8+ Kh7 44. Qd4 Qc8 45. Qd8 Qb7 46. Qd4 Qc8 47. Kg2 Qb7 48. Kg1 Rc7 49. Rxc4 Rd7 50. Qa1 Qb6+ 51. Kg2 Qb7+ 52. Kf2 Qb6+ 53. Rcd4 Rc7 54. Qb1 Qc5 55. Kg2 Qxa3 56. Qd3 Qb2+ 57. Rd2 Qb7+ 58. Qf3 Qb6 59. h4 Qb5 60. g5 Ne8 61. Re2 Rc8 62. Rde4 Nd6 63. Re5 Qb4 64. g6+ Kh8 65. f6 Rf8 66. Re7 1-0

[Event "RUS-ch Higher League 73rd"]
[Site "Sochi"]
[Date "2020.10.16"]
[Round "8"]
[White "Zabotin, Alexander"]
[Black "Goryachkina, Aleksandra"]
[Result "0-1"]
[WhiteElo "2486"]
[BlackElo "2582"]
[PlyCount "50"]
[EventDate "2020.10.08"]
[EventType "swiss"]
[EventRounds "9"]
[EventCountry "RUS"]
[SourceTitle "CBM 198 Extra"]
[Source "ChessBase"]
[SourceDate "2020.11.30"]
[SourceVersion "1"]
[SourceVersionDate "2020.11.30"]
[SourceQuality "1"]

1. d4 d5 2. c4 e6 3. Nc3 Nf6 4. Nf3 c6 5. e3 Nbd7 6. Qc2 Bd6 7. b3 0-0 8. Be2 b6 9. 0-0 Bb7 10. Bb2 Re8 11. Rad1 Rc8 12. e4 Nxe4 13. Nxe4 dxe4 14. Qxe4 Nf6 15. Qh4 h6 16. Ne5 Qc7 17. Bf3 c5 18. Bxb7 Qxb7 19. Ng4 Nxg4 20. Qxg4 cxd4 21. Bxd4 Bf8 22. a4 Red8 23. Be5 Qe7 24. Rxd8 Rxd8 25. Rd1 Qg5 0-1

[Event "RUS-ch Higher League 73rd"]
[Site "Sochi"]
[Date "2020.10.12"]
[Round "5"]
[White "Ovchinnikov, Vsevolod"]
[Black "Zabotin, Alexander"]
[Result "1/2-1/2"]
[WhiteElo "2349"]
[BlackElo "2486"]
[PlyCount "85"]
[EventDate "2020.10.08"]
[EventType "swiss"]
[EventRounds "9"]
[EventCountry "RUS"]
[SourceTitle "CBM 198 Extra"]
[Source "ChessBase"]
[SourceDate "2020.11.30"]
[SourceVersion "1"]
[SourceVersionDate "2020.11.30"]
[SourceQuality "1"]

1. d4 d5 2. c4 Nc6 3. Nf3 Bg4 4. Nc3 e6 5. e3 Nf6 6. h3 Bxf3 7. Qxf3 Bb4 8. Bd2 0-0 9. cxd5 exd5 10. Bd3 Re8 11. 0-0 a6 12. Rfd1 Ne7 13. Ne2 Bd6 14. Nf4 Ng6 15. g3 c6 16. Qg2 Ne4 17. Be1 Nxf4 18. exf4 Qb6 19. f3 Nf6 20. Kh2 Re3 21. Bf2 Re7 22. Rd2 Rae8 23. Rc2 Nh5 24. Rg1 g6 25. Qf1 f5 26. Kh1 Qa5 27. g4 fxg4 28. fxg4 Nxf4 29. Bg3 Rf8 30. Rf2 Ref7 31. Bf5 gxf5 32. Bxf4 Bxf4 33. Rxf4 Qd8 34. gxf5+ Kh8 35. Qg2 Rg8 36. Rg4 Rxg4 37. Qxg4 Qf8 38. Rf1 Qe7 39. f6 Rxf6 40. Rxf6 Qxf6 41. Qc8+ Kg7 42. Qxb7+ Kg6 43. Qxa6 1/2-1/2

[Event "RUS-ch Higher League 73rd"]
[Site "Sochi"]
[Date "2020.10.11"]
[Round "4"]
[White "Zabotin, Alexander"]
[Black "Ibadov, Dashgyn"]
[Result "1-0"]
[WhiteElo "2486"]
[BlackElo "2296"]
[PlyCount "69"]
[EventDate "2020.10.08"]
[EventType "swiss"]
[EventRounds "9"]
[EventCountry "RUS"]
[SourceTitle "CBM 198 Extra"]
[Source "ChessBase"]
[SourceDate "2020.11.30"]
[SourceVersion "1"]
[SourceVersionDate "2020.11.30"]
[SourceQuality "1"]

1. d4 Nf6 2. c4 c5 3. d5 d6 4. Nc3 g6 5. e4 Bg7 6. Nf3 0-0 7. h3 e6 8. Bd3 exd5 9. cxd5 Re8 10. 0-0 Nbd7 11. Re1 Ne5 12. Nxe5 Rxe5 13. Bf4 Nh5 14. Be3 Qh4 15. Qd2 g5 16. b4 Nf4 17. Bf1 Bxh3 18. gxh3 cxb4 19. Ne2 Rxe4 20. Ng3 Re5 21. Rad1 Rae8 22. Bxa7 Nxh3+ 23. Bxh3 Qxh3 24. Rxe5 Rxe5 25. Bb8 Qg4 26. Bxd6 Re8 27. Re1 Rd8 28. Qxb4 h5 29. Qxg4 hxg4 30. Nf5 Kh7 31. Kg2 Bf6 32. Kg3 Ra8 33. a3 Kg6 34. Kxg4 Ra4+ 35. Bb4 1-0